00946 2200349 4500001002100000005001500021035002000036007000300056040001700059100003500076245005000111250001200161300003600173041000800209082001100217084001700228090002200245264003900267336002100306337003000327338002300357650001000380850001000390008004100400020002200441500002900463700003100492504002500523990001600548990001600564990001600580INLIS00000000000543720260513071257 a0010-0222000527ta aSBPUPADbInd0 aFathurrahman DjamilePengarang1 aHukum Ekonomi Islam Sejarah ,Teori Dan Konsep a.-cet.1 axvi,280 hal. :billus. ;c21 cm0 aInd a297.63 a297.63 FAT h a297.63 HAM g 2 20 a.--Jakarta :bSinar Grafika,c2013 2rdacontentaTeks 2rdamediaaTanpa Perantara 2rdacarrieraVolume 4aAgama aPUPAD260513 0  a978-979-007-497-2 aProfile Penulis, hlm 279 aEditor, TarmiziePengarang abibliografi, hlm 267 a14707/BR/14 a14706/BR-14 a14706/BR-14